[Event "RUS-ch Blitz Men 2018"]
[Site "Sochi"]
[Date "2018.10.07"]
[Round "7"]
[White "Rakhmanov, Aleksandr"]
[Black "Sjugirov, Sanan"]
[Result "1/2-1/2"]
[WhiteElo "2634"]
[BlackElo "2654"]
[Annotator "TA"]
[PlyCount "67"]
[EventDate "2018.10.07"]
[EventType "swiss"]
[EventCountry "RUS"]
[SourceTitle "playchess.com"]
[Source "ChessBase"]
[SourceQuality "1"]

1. c4 Nf6 2. Nc3 c5 3. Nf3 e6 4. e4 Nc6 5. Be2 e5 6. d3 d6 7. O-O g6 8. a3 Bg7 9. b4 b6 10. Nd5 O-O 11. Bg5 Be6 12. Qd2 cxb4 13. axb4 a5 14. bxa5 bxa5 15. Bd1 Bxd5 16. cxd5 Nb4 17. Ba4 Qb6 18. Be3 Qa6 19. Rfd1 Rfc8 20. h3 Rc7 21. Bb3 Qb7 22. Rab1 Nd7 23. Ne1 Nc5 24. Bxc5 Rxc5 25. Nc2 Rb8 26. Bc4 Rc7 27. Rb3 Qb6 28. Ra1 Rcb7 29. Nxb4 axb4 30. Ra6 Qd8 31. Ra4 Qb6 32. Ra6 Qd8 33. Ra4 Qb6 34. Ra6 1/2-1/2

[Event "RUS-ch Blitz Men 2018"]
[Site "Sochi"]
[Date "2018.10.07"]
[Round "7"]
[White "Ponkratov, Pavel"]
[Black "Romanov, Evgeny"]
[Result "1-0"]
[WhiteElo "2628"]
[BlackElo "2614"]
[Annotator "TA"]
[PlyCount "57"]
[EventDate "2018.10.07"]
[EventType "swiss"]
[EventCountry "RUS"]
[SourceTitle "playchess.com"]
[Source "ChessBase"]
[SourceQuality "1"]

1. c4 c5 2. Nf3 Nf6 3. Nc3 e6 4. e3 a6 5. d4 d5 6. cxd5 exd5 7. b3 Nc6 8. dxc5 Bxc5 9. Bb2 O-O 10. a3 Bg4 11. Be2 Qd6 12. b4 Ba7 13. b5 Na5 14. O-O Rac8 15. Nd4 Bb8 16. g3 Bh3 17. Re1 Nc4 18. Qb1 Rfe8 19. a4 h5 20. Rd1 h4 21. Bxc4 hxg3 22. hxg3 Rxe3 23. Nce2 Ne4 24. fxe3 Nxg3 25. Nf4 Rxc4 26. Rd2 Qe7 27. Qe1 Bxf4 28. exf4 Qh4 29. Ra3 1-0

[Event "RUS-ch Blitz Men 2018"]
[Site "Sochi"]
[Date "2018.10.07"]
[Round "7"]
[White "Oparin, Grigoriy"]
[Black "Maletin, Pavel"]
[Result "1/2-1/2"]
[WhiteElo "2624"]
[BlackElo "2586"]
[Annotator "TA"]
[PlyCount "105"]
[EventDate "2018.10.07"]
[EventType "swiss"]
[EventCountry "RUS"]
[SourceTitle "playchess.com"]
[Source "ChessBase"]
[SourceQuality "1"]

1. Nf3 c5 2. c4 Nc6 3. d4 cxd4 4. Nxd4 e6 5. Nc3 Nf6 6. e4 Bb4 7. Nxc6 bxc6 8. Bd3 e5 9. O-O O-O 10. Qe2 h6 11. Na4 d5 12. a3 Bd6 13. b4 Bg4 14. f3 Be6 15. Kh1 Rb8 16. Be3 d4 17. Bd2 Nh5 18. c5 Bc7 19. Nb2 Qh4 20. Kg1 a5 21. Nc4 axb4 22. axb4 Nf4 23. Bxf4 Qxf4 24. Rfb1 Ra8 25. Nb6 Bxb6 26. cxb6 Rab8 27. g3 Qf6 28. Ra6 Bc8 29. b7 Bxb7 30. Ra5 Qd6 31. Rc5 Bc8 32. Qc2 Bd7 33. Kg2 Rb6 34. Qd2 Rfb8 35. h4 Be6 36. g4 Qe7 37. Kg3 f6 38. Rbc1 Rxb4 39. Rxc6 Rb2 40. R1c2 Rxc2 41. Qxc2 Kh7 42. h5 Bb3 43. Qc1 Ba4 44. Rc7 Qd6 45. Ra7 Rb3 46. Qc4 Qb4 47. Rxa4 Qe1+ 48. Kh3 Qh1+ 49. Kg3 Qg1+ 50. Kh3 Rc3 51. Qf7 Qh1+ 52. Kg3 Qg1+ 53. Kh3 1/2-1/2

[Event "RUS-ch Blitz Men 2018"]
[Site "Sochi"]
[Date "2018.10.07"]
[Round "7"]
[White "Gordievsky, Dmitry"]
[Black "Nechaev, Oleg"]
[Result "1/2-1/2"]
[WhiteElo "2615"]
[BlackElo "2400"]
[Annotator "ChessBase"]
[PlyCount "46"]
[EventDate "2018.10.07"]
[EventType "swiss"]
[EventCountry "RUS"]
[SourceTitle "playchess.com"]
[Source "ChessBase"]
[SourceQuality "1"]

1. Nf3 c5 2. e3 g6 3. Be2 Bg7 4. O-O Nf6 5. d4 O-O 6. d5 d6 7. Nc3 a6 8. a4 e5 9. Nd2 Nbd7 10. e4 Ne8 11. Nc4 Nb6 12. Nd2 f5 13. a5 Nd7 14. Nc4 f4 15. Bg4 Rb8 16. Na4 h5 17. Be6+ Kh7 18. Nab6 Nxb6 19. axb6 Bxe6 20. dxe6 Qe7 21. Qd5 Rf6 22. f3 Rxe6 23. Ra3 g5 1/2-1/2

[Event "RUS-ch Blitz Men 2018"]
[Site "Sochi"]
[Date "2018.10.07"]
[Round "7"]
[White "Esipenko, Andrey"]
[Black "Antipov, Mikhail Al."]
[Result "1-0"]
[WhiteElo "2609"]
[BlackElo "2593"]
[Annotator "TA"]
[PlyCount "90"]
[EventDate "2018.10.07"]
[EventType "swiss"]
[EventCountry "RUS"]
[SourceTitle "playchess.com"]
[Source "ChessBase"]
[SourceQuality "1"]

1. d4 Nf6 2. Bf4 c6 3. e3 Qb6 4. Qc1 Nh5 5. Bg3 Nxg3 6. hxg3 g6 7. Nf3 Bg7 8. c3 d6 9. Nbd2 Nd7 10. Qc2 Qc7 11. Be2 e5 12. dxe5 Nxe5 13. Nxe5 dxe5 14. e4 O-O 15. O-O h5 16. a4 Bh6 17. Bc4 Bg4 18. Nf3 Rad8 19. Rad1 Qe7 20. Be2 Qc7 21. Rxd8 Rxd8 22. Rd1 Rd6 23. Kf1 Qd7 24. Rxd6 Qxd6 25. Bc4 b6 26. Ke1 Qf6 27. Be2 Bf8 28. Qd3 a5 29. Qc4 Kg7 30. Kf1 Bc5 31. Qd3 Be6 32. Qd2 Bb3 33. Bd1 Bc4+ 34. Be2 Qe6 35. Ne1 Bb3 36. Nd3 Be7 37. Bd1 Bc4 38. Bc2 b5 39. axb5 cxb5 40. Kg1 a4 41. Nb4 Bxb4 42. cxb4 Qb6 43. Qc3 f6 44. Qd2 Qc7 45. Bd1 Qe7 1-0

[Event "RUS-ch Blitz Men 2018"]
[Site "Sochi"]
[Date "2018.10.07"]
[Round "7"]
[White "Chigaev, Maksim"]
[Black "Drygalov, Sergey"]
[Result "0-1"]
[WhiteElo "2599"]
[BlackElo "2446"]
[Annotator "ChessBase"]
[PlyCount "64"]
[EventDate "2018.10.07"]
[EventType "swiss"]
[EventCountry "RUS"]
[SourceTitle "playchess.com"]
[Source "ChessBase"]
[SourceQuality "1"]

1. c4 Nf6 2. Nc3 e6 3. e4 d5 4. cxd5 exd5 5. e5 d4 6. exf6 dxc3 7. Qe2+ Be6 8. dxc3 Qxf6 9. Qe4 c6 10. Bc4 Bc5 11. Nf3 O-O 12. Bd3 g6 13. Bg5 Qg7 14. Qh4 Re8 15. Bf6 Bd5+ 16. Kf1 Qf8 17. Ng5 h6 18. c4 Nd7 19. Bc3 Be7 20. f4 Nc5 21. Be2 Be6 22. Nxe6 Nxe6 23. Qg4 h5 24. Qf3 Bc5 25. Bd3 Nd4 26. Bxd4 Bxd4 27. f5 Re3 28. Qd1 Qd6 29. g3 Bxb2 30. Bc2 Qc5 31. Rb1 Qxc4+ 32. Kg2 Re2+ 0-1

[Event "RUS-ch Blitz Men 2018"]
[Site "Sochi"]
[Date "2018.10.07"]
[Round "7"]
[White "Kryakvin, Dmitry"]
[Black "Ozgibcev, Anatoly"]
[Result "1-0"]
[WhiteElo "2595"]
[BlackElo "2368"]
[Annotator "RC"]
[PlyCount "69"]
[EventDate "2018.10.07"]
[EventType "swiss"]
[EventCountry "RUS"]
[SourceTitle "playchess.com"]
[Source "ChessBase"]
[SourceQuality "1"]

1. d4 d5 2. c4 e6 3. Nf3 c5 4. cxd5 exd5 5. Bg5 Qa5+ 6. Nc3 Be6 7. e3 Nc6 8. Bb5 a6 9. Bxc6+ bxc6 10. O-O c4 11. Bf4 Bb4 12. Ne5 Bxc3 13. bxc3 Rc8 14. Qd2 Nf6 15. f3 O-O 16. Rab1 Bf5 17. Rb7 Nh5 18. g4 Nxf4 19. exf4 f6 20. gxf5 fxe5 21. fxe5 Rxf5 22. e6 Re8 23. Re1 Qa3 24. e7 Qd6 25. Qe2 Qf6 26. Kg2 Qg5+ 27. Kh1 Qf6 28. Rc7 h6 29. a4 Rxf3 30. Rxc6 Qxc6 31. Qxf3 Qd6 32. Qe2 Kf7 33. Qh5+ g6 34. Qxh6 Qf6 35. Qh7+ 1-0

[Event "RUS-ch Blitz Men 2018"]
[Site "Sochi"]
[Date "2018.10.07"]
[Round "7"]
[White "Timofeev, Artyom"]
[Black "Kobalia, Mikhail"]
[Result "1-0"]
[WhiteElo "2580"]
[BlackElo "2620"]
[Annotator "TA"]
[PlyCount "73"]
[EventDate "2018.10.07"]
[EventType "swiss"]
[EventCountry "RUS"]
[SourceTitle "playchess.com"]
[Source "ChessBase"]
[SourceQuality "1"]

1. e4 c5 2. Nf3 e6 3. g3 Nc6 4. Bg2 Nf6 5. Qe2 e5 6. O-O Be7 7. Nc3 d6 8. d3 O-O 9. Nd2 Nd4 10. Qd1 b5 11. a4 b4 12. Nd5 Rb8 13. c3 bxc3 14. bxc3 Nxd5 15. exd5 Nf5 16. Nc4 Bg5 17. Bxg5 Qxg5 18. Na5 Rb2 19. Rb1 Rxb1 20. Qxb1 Qd2 21. Rc1 Ba6 22. Be4 g6 23. Nc6 Kg7 24. Qc2 Qg5 25. Re1 h5 26. Qc1 Qf6 27. Nxa7 h4 28. g4 Kh7 29. h3 Ne7 30. Nc6 Nxc6 31. dxc6 d5 32. Bxd5 Bxd3 33. Qe3 e4 34. Qxc5 Qe5 35. Qxf8 Qxd5 36. c7 e3 37. c8=Q 1-0

[Event "RUS-ch Blitz Men 2018"]
[Site "Sochi"]
[Date "2018.10.07"]
[Round "7"]
[White "Pridorozhni, Aleksei"]
[Black "Gabrielian, Artur"]
[Result "0-1"]
[WhiteElo "2574"]
[BlackElo "2499"]
[Annotator "RC"]
[PlyCount "121"]
[EventDate "2018.10.07"]
[EventType "swiss"]
[EventCountry "RUS"]
[SourceTitle "playchess.com"]
[Source "ChessBase"]
[SourceQuality "1"]

1. e4 c5 2. Nc3 d6 3. d4 cxd4 4. Qxd4 Nc6 5. Qd2 g6 6. b3 Bh6 7. f4 Nf6 8. Bb2 e5 9. g3 a5 10. a4 O-O 11. O-O-O Re8 12. Kb1 Bg4 13. Be2 Bxe2 14. Ngxe2 exf4 15. Nxf4 Nxe4 16. Nxe4 Rxe4 17. Qd3 Re8 18. Qxd6 Qxd6 19. Rxd6 Rad8 20. Rhd1 Rxd6 21. Rxd6 Re1+ 22. Ka2 Nb4+ 23. Ka3 Nxc2+ 24. Ka2 Nb4+ 25. Ka3 Bf8 26. Rd7 Nc2+ 27. Ka2 Nb4+ 28. Ka3 b6 29. Bc3 Nd5+ 30. Kb2 Nxc3 31. Kxc3 Rc1+ 32. Kd2 Rh1 33. h4 Bb4+ 34. Ke2 Re1+ 35. Kf3 Rb1 36. Rd3 Bc5 37. Nd5 Kg7 38. g4 h6 39. g5 hxg5 40. hxg5 Rg1 41. Kf4 Bd6+ 42. Ke4 Rg4+ 43. Kf3 Rxg5 44. Nxb6 Bb4 45. Nd5 Bd6 46. Ke2 Re5+ 47. Kf3 Rf5+ 48. Ke2 Bf8 49. Kd2 g5 50. b4 Bxb4+ 51. Nxb4 axb4 52. Kc2 g4 53. Rd4 Rf2+ 54. Kb3 f5 55. a5 Rf1 56. Kb2 Re1 57. Rd7+ Kg6 58. a6 Re8 59. a7 Ra8 60. Rb7 g3 61. Rb8 0-1

[Event "RUS-ch Blitz Men 2018"]
[Site "Sochi"]
[Date "2018.10.07"]
[Round "7"]
[White "Yuffa, Daniil"]
[Black "Rozum, Ivan"]
[Result "1/2-1/2"]
[WhiteElo "2563"]
[BlackElo "2573"]
[Annotator "TA"]
[PlyCount "124"]
[EventDate "2018.10.07"]
[EventType "swiss"]
[EventCountry "RUS"]
[SourceTitle "playchess.com"]
[Source "ChessBase"]
[SourceQuality "1"]

1. d4 Nf6 2. c4 e6 3. g3 d5 4. Bg2 Bb4+ 5. Bd2 Bd6 6. Nc3 c6 7. e4 dxe4 8. Nxe4 Be7 9. Qc2 Nbd7 10. O-O-O Nxe4 11. Bxe4 Nf6 12. Nf3 Qc7 13. Bd3 b6 14. Ne5 Bb7 15. Rhe1 Rd8 16. Bc3 c5 17. dxc5 Bxc5 18. Qa4+ Ke7 19. f4 Rhe8 20. g4 Bd4 21. Bb4+ Bc5 22. g5 Nh5 23. f5 Nf4 24. f6+ gxf6 25. gxf6+ Kxf6 26. Bc3 Ke7 27. Rf1 f6 28. Rxf4 Be3+ 29. Kb1 Bxf4 30. Bb4+ Rd6 31. Bg6 hxg6 32. Bxd6+ Qxd6 33. Rxd6 Kxd6 34. Qxe8 Be4+ 35. Ka1 Kxe5 36. Qb8+ Kf5 37. Qxa7 Be3 38. a4 Kf4 39. a5 bxa5 40. Qxa5 e5 41. c5 Bd4 42. Qb5 Bf5 43. c6 e4 44. c7 Be5 45. Qf1+ Kg4 46. Qxf5+ gxf5 47. c8=Q e3 48. Qc4+ f4 49. Kb1 Kf3 50. Kc2 Kf2 51. Kd3 e2 52. Qc2 f3 53. Ke4 Bxh2 54. b4 f5+ 55. Kxf5 Kf1 56. Qd3 Kf2 57. Qc2 Kf1 58. Qd3 Kf2 59. Qd4+ Kf1 60. Qd3 Kf2 61. Qc2 Kf1 62. Qd3 Kf2 1/2-1/2

[Event "RUS-ch Blitz Men 2018"]
[Site "Sochi"]
[Date "2018.10.07"]
[Round "7"]
[White "Panarin, Mikhail"]
[Black "Bocharov, Ivan"]
[Result "0-1"]
[WhiteElo "2562"]
[BlackElo "2563"]
[Annotator "TA"]
[PlyCount "94"]
[EventDate "2018.10.07"]
[EventType "swiss"]
[EventCountry "RUS"]
[SourceTitle "playchess.com"]
[Source "ChessBase"]
[SourceQuality "1"]

1. e4 e5 2. Nf3 Nc6 3. Bb5 a6 4. Ba4 Nf6 5. Qe2 d6 6. c3 Be7 7. O-O O-O 8. Rd1 b5 9. Bb3 Na5 10. Bc2 c5 11. d4 Qc7 12. d5 Nc4 13. b3 Nb6 14. a4 bxa4 15. bxa4 a5 16. Na3 Ba6 17. Nb5 Qd7 18. c4 Bd8 19. Rb1 Nc8 20. Bd2 Ne7 21. Qe1 Ng6 22. g3 Qg4 23. Rb3 Ne8 24. Rdb1 h5 25. Bd1 Qd7 26. Bxa5 Nf6 27. Bxd8 Rfxd8 28. Nd2 h4 29. Qe2 Bc8 30. Ra3 Ra5 31. Nb3 Ra6 32. a5 Qh3 33. Nd2 hxg3 34. fxg3 Bg4 35. Qg2 Qh5 36. Bxg4 Nxg4 37. Nc7 Ra7 38. a6 Rxc7 39. a7 Rcc8 40. Nb3 Qg5 41. Na5 Ra8 42. Nc6 Rf8 43. Rb8 Qc1+ 44. Qf1 Qxa3 45. Qe2 Qe3+ 46. Qxe3 Nxe3 47. Rxf8+ Rxf8 0-1

[Event "RUS-ch Blitz Men 2018"]
[Site "Sochi"]
[Date "2018.10.07"]
[Round "7"]
[White "Bocharov, Dmitry"]
[Black "Chekhov, Sergei"]
[Result "1-0"]
[WhiteElo "2557"]
[BlackElo "2463"]
[Annotator "TA"]
[PlyCount "58"]
[EventDate "2018.10.07"]
[EventType "swiss"]
[EventCountry "RUS"]
[SourceTitle "playchess.com"]
[Source "ChessBase"]
[SourceQuality "1"]

1. Nf3 Nf6 2. c4 e6 3. b3 b6 4. Bb2 Bb7 5. Nc3 c5 6. g3 Be7 7. Bg2 d6 8. O-O a6 9. Re1 Nbd7 10. e4 Qc7 11. d4 cxd4 12. Nxd4 h5 13. Rc1 Rc8 14. h3 Qb8 15. Qd2 Qa8 16. Nd5 Bd8 17. Qe3 Qb8 18. Rcd1 O-O 19. Nxf6+ Bxf6 20. Qe2 g6 21. Nf3 Bxb2 22. Qxb2 e5 23. Qd2 Kg7 24. Nh4 Kf6 25. f4 Ke7 26. f5 g5 27. f6+ Kxf6 28. Rf1+ Ke7 29. Qxg5+ Ke8 1-0

[Event "RUS-ch Blitz Men 2018"]
[Site "Sochi"]
[Date "2018.10.07"]
[Round "7"]
[White "Sychev, Klementy"]
[Black "Ivlev, Aleksey"]
[Result "1-0"]
[WhiteElo "2534"]
[BlackElo "2326"]
[Annotator "TA"]
[PlyCount "133"]
[EventDate "2018.10.07"]
[EventType "swiss"]
[EventCountry "RUS"]
[SourceTitle "playchess.com"]
[Source "ChessBase"]
[SourceQuality "1"]

1. Nf3 Nf6 2. c4 c6 3. g3 d5 4. Bg2 e6 5. O-O Nbd7 6. d4 dxc4 7. a4 b5 8. Nfd2 Nd5 9. Nc3 b4 10. Nxd5 exd5 11. e4 Nf6 12. exd5 cxd5 13. Nxc4 Ba6 14. Re1+ Be7 15. Ne3 Bc8 16. Qf3 Be6 17. Nf5 O-O 18. Bg5 Rc8 19. Bh3 Re8 20. Nxe7+ Qxe7 21. Re2 h6 22. Bxf6 Qxf6 23. Qxf6 gxf6 24. Rae1 Rc4 25. Bxe6 fxe6 26. Rxe6 Rxe6 27. Rxe6 Rxd4 28. Rxf6 Rd2 29. Rd6 Rxb2 30. Rxd5 Ra2 31. a5 a6 32. Kg2 b3 33. Rd8+ Kf7 34. Rb8 b2 35. Rb6 Ke7 36. Kf3 Kd7 37. Ke3 h5 38. h4 Rxa5 39. Rxb2 Rf5 40. f3 a5 41. g4 Rc5 42. g5 Ke6 43. Kd4 Rd5+ 44. Ke4 Rc5 45. Rb6+ Kd7 46. g6 Rc1 47. Kf5 Kc7 48. Ra6 Rc5+ 49. Kf6 Kb7 50. g7 Kxa6 51. g8=Q a4 52. Ke6 a3 53. Kd6 Rc3 54. Qa8+ Kb5 55. Qb7+ Kc4 56. Qd5+ Kb4 57. f4 Rc2 58. Qd4+ Kb3 59. f5 a2 60. f6 Rd2 61. Qxd2 a1=Q 62. Qd5+ Kb4 63. Qe4+ Kb3 64. Qe6+ Kb4 65. f7 Qd4+ 66. Ke7 Qxh4+ 67. Ke8 1-0

[Event "RUS-ch Blitz Men 2018"]
[Site "Sochi"]
[Date "2018.10.07"]
[Round "7"]
[White "Shcherbakov, Ruslan"]
[Black "Rjabzev, Konstantin"]
[Result "1-0"]
[WhiteElo "2516"]
[BlackElo "2265"]
[Annotator "TA"]
[PlyCount "35"]
[EventDate "2018.10.07"]
[EventType "swiss"]
[EventCountry "RUS"]
[SourceTitle "playchess.com"]
[Source "ChessBase"]
[SourceQuality "1"]

1. e4 e5 2. Bc4 Nf6 3. d3 c6 4. Nf3 d5 5. Bb3 Nbd7 6. exd5 cxd5 7. O-O Be7 8. Nc3 d4 9. Ng5 O-O 10. Nce4 Nxe4 11. Nxe4 Nc5 12. Nxc5 Bxc5 13. f4 exf4 14. Bxf4 Kh8 15. Qh5 Bb6 16. Rae1 Bd7 17. Bxf7 Bc6 18. Bg6 1-0

[Event "RUS-ch Blitz Men 2018"]
[Site "Sochi"]
[Date "2018.10.07"]
[Round "7"]
[White "Khanin, Semen"]
[Black "Tsoi, Dmitry"]
[Result "1/2-1/2"]
[WhiteElo "2510"]
[BlackElo "2429"]
[Annotator "ChessBase"]
[PlyCount "64"]
[EventDate "2018.10.07"]
[EventType "swiss"]
[EventCountry "RUS"]
[SourceTitle "playchess.com"]
[Source "ChessBase"]
[SourceQuality "1"]

1. e4 e5 2. Nf3 d6 3. d4 exd4 4. Nxd4 Nf6 5. Nc3 Be7 6. Be2 O-O 7. Bf4 Nc6 8. Nxc6 bxc6 9. e5 Ne8 10. exd6 cxd6 11. O-O d5 12. a3 Bd6 13. Qd2 Rb8 14. b4 Qc7 15. Bxd6 Nxd6 16. Na4 Ne4 17. Qd4 a5 18. Bd3 Nd6 19. Nc5 axb4 20. axb4 Qd8 21. Ra7 Qb6 22. Ra4 Qd8 23. c3 Bf5 24. Ra7 Bxd3 25. Qxd3 Nb5 26. Ra6 Rc8 27. Re1 Re8 28. Raa1 Ra8 29. Rxe8+ Qxe8 30. Rxa8 Qxa8 31. g3 h6 32. Kg2 Qe8 1/2-1/2

[Event "RUS-ch Blitz Men 2018"]
[Site "Sochi"]
[Date "2018.10.07"]
[Round "7"]
[White "Triapishko, Alexandr"]
[Black "Potapov, Pavel"]
[Result "1-0"]
[WhiteElo "2508"]
[BlackElo "2515"]
[Annotator "TA"]
[PlyCount "113"]
[EventDate "2018.10.07"]
[EventType "swiss"]
[EventCountry "RUS"]
[SourceTitle "playchess.com"]
[Source "ChessBase"]
[SourceQuality "1"]

1. e4 c5 2. Nf3 Nc6 3. Nc3 e5 4. Bc4 Be7 5. d3 d6 6. Nd2 Nf6 7. Nf1 Nd7 8. a3 O-O 9. Ne3 Nb6 10. Ba2 Bg5 11. O-O Be6 12. Ncd5 Bxe3 13. fxe3 Bxd5 14. exd5 Ne7 15. e4 f5 16. b4 cxb4 17. axb4 f4 18. c4 Ng6 19. Qg4 Qd7 20. Qxd7 Nxd7 21. Bb3 a6 22. Bd2 Rfc8 23. g3 fxg3 24. hxg3 Rf8 25. Be3 Rac8 26. Bd1 Rxf1+ 27. Kxf1 Nf6 28. c5 Kf7 29. Kg2 Ke7 30. Be2 h6 31. b5 axb5 32. Ra7 dxc5 33. Rxb7+ Nd7 34. Bg4 Ngf8 35. Rxb5 Kd6 36. Ra5 Rb8 37. Ra6+ Rb6 38. Rxb6+ Nxb6 39. Bc1 Nfd7 40. Kf3 Nf6 41. Be6 g5 42. Bd2 Na4 43. Ba5 Nb2 44. Ke2 h5 45. Bd8 Ng4 46. Bxg5 c4 47. dxc4 Nxc4 48. Bc1 Kc5 49. Bf7 Nf6 50. Bg6 Kd4 51. Kf3 Kd3 52. Bg5 Nd7 53. Bxh5 Nc5 54. Bg6 Nd6 55. Be7 Ndb7 56. Bxc5 Nxc5 57. Bf5 1-0

[Event "RUS-ch Blitz Men 2018"]
[Site "Sochi"]
[Date "2018.10.07"]
[Round "7"]
[White "Moiseenko, Vadim"]
[Black "Tomashevsky, Evgeny"]
[Result "1-0"]
[WhiteElo "2492"]
[BlackElo "2705"]
[Annotator "TA"]
[PlyCount "55"]
[EventDate "2018.10.07"]
[EventType "swiss"]
[EventCountry "RUS"]
[SourceTitle "playchess.com"]
[Source "ChessBase"]
[SourceQuality "1"]

1. g3 d5 2. Bg2 Nf6 3. d3 c5 4. Nf3 Nc6 5. O-O g6 6. d4 cxd4 7. Nxd4 Bg7 8. Nc3 O-O 9. Bf4 Bg4 10. h3 Bd7 11. Nxc6 Bxc6 12. Be5 e6 13. Qd4 Qb6 14. Qxb6 axb6 15. a4 Nd7 16. Bxg7 Kxg7 17. Rfd1 Rfc8 18. e4 dxe4 19. Bxe4 Ne5 20. Bxc6 Rxc6 21. Ra3 Ra5 22. Rb3 Rac5 23. Kg2 g5 24. Rd4 h6 25. Rd8 Nc4 26. Rd7 Nxb2 27. Ne4 Rxc2 28. Rf3 1-0

[Event "RUS-ch Blitz Men 2018"]
[Site "Sochi"]
[Date "2018.10.07"]
[Round "7"]
[White "Fakhrutdinov, Timur"]
[Black "Alekseev, Evgeny"]
[Result "1/2-1/2"]
[WhiteElo "2472"]
[BlackElo "2620"]
[Annotator "RC"]
[PlyCount "46"]
[EventDate "2018.10.07"]
[EventType "swiss"]
[EventCountry "RUS"]
[SourceTitle "playchess.com"]
[Source "ChessBase"]
[SourceQuality "1"]

1. e4 c5 2. Nf3 e6 3. d4 cxd4 4. Nxd4 Nc6 5. Nc3 a6 6. Be3 Nf6 7. f4 Bb4 8. Bd3 e5 9. Nxc6 dxc6 10. f5 Nxe4 11. Bxe4 Bxc3+ 12. Ke2 Bxb2 13. Qxd8+ Kxd8 14. Bb6+ Ke7 15. Rad1 Bd4 16. Bxd4 exd4 17. Rxd4 Kf6 18. Rhd1 Re8 19. Kf3 Bxf5 20. Bxf5 Kxf5 21. Rd7 Kg6 22. R1d6+ f6 23. Rxb7 Rab8 1/2-1/2

[Event "RUS-ch Blitz Men 2018"]
[Site "Sochi"]
[Date "2018.10.07"]
[Round "7"]
[White "Kozionov, Kirill"]
[Black "Paravyan, David"]
[Result "0-1"]
[WhiteElo "2458"]
[BlackElo "2629"]
[Annotator "TA"]
[PlyCount "108"]
[EventDate "2018.10.07"]
[EventType "swiss"]
[EventCountry "RUS"]
[SourceTitle "playchess.com"]
[Source "ChessBase"]
[SourceQuality "1"]

1. d4 d5 2. c4 c6 3. Nf3 Nf6 4. Nc3 dxc4 5. a4 Bf5 6. Ne5 Nbd7 7. Nxc4 Qc7 8. g3 e5 9. dxe5 Nxe5 10. Bf4 Nfd7 11. Bg2 f6 12. O-O Rd8 13. a5 Nc5 14. Qe1 Be7 15. Rd1 O-O 16. Nxe5 fxe5 17. Be3 Nb3 18. Bxa7 Qxa5 19. Be3 Nd4 20. Ne4 Qb5 21. Bxd4 exd4 22. Qd2 Rfe8 23. Qf4 Bg6 24. Nd2 Bg5 25. Qg4 h5 26. Qf3 Rxe2 27. Nb1 Qxb2 28. h4 Rf8 29. Qa3 Qxa3 30. Nxa3 Be7 31. Nc4 Bc5 32. Na5 d3 33. Nxb7 Bxf2+ 34. Kh1 Bxg3 35. Bxc6 Rxf1+ 36. Rxf1 d2 37. Bf3 Re1 38. Kg2 Rxf1 39. Kxf1 Bc2 40. Bxh5 Bxh4 41. Nc5 d1=Q+ 42. Bxd1 Bxd1 43. Kg2 Bf6 44. Ne4 Bc2 45. Nf2 Kf7 46. Kf3 Ke6 47. Nh3 Kf5 48. Nf2 Bd4 49. Nh3 Ba4 50. Kg3 Bb5 51. Kh4 Bf1 52. Ng5 Bf2+ 53. Kh5 Be2+ 54. Nf3 Bxf3# 0-1

[Event "RUS-ch Blitz Men 2018"]
[Site "Sochi"]
[Date "2018.10.07"]
[Round "7"]
[White "Balashov, Yuri S"]
[Black "Yashmetov, Mikhail"]
[Result "1-0"]
[WhiteElo "2429"]
[BlackElo "2394"]
[Annotator "TA"]
[PlyCount "85"]
[EventDate "2018.10.07"]
[EventType "swiss"]
[EventCountry "RUS"]
[SourceTitle "playchess.com"]
[Source "ChessBase"]
[SourceQuality "1"]

1. d4 Nf6 2. c4 g6 3. Nc3 d5 4. cxd5 Nxd5 5. e4 Nxc3 6. bxc3 Bg7 7. Qa4+ Nd7 8. Nf3 O-O 9. Be2 c5 10. O-O cxd4 11. cxd4 Nb6 12. Qa3 Bg4 13. Rd1 Rc8 14. Bg5 Re8 15. Bb5 Bd7 16. Bxd7 Qxd7 17. Qxa7 Nc4 18. Rab1 Nd6 19. e5 Ne4 20. Rxb7 Qf5 21. Be3 Nc3 22. Rf1 Qd3 23. Re1 Nd5 24. Rb3 Qc2 25. Qa3 Nxe3 26. Rbxe3 Ra8 27. Qb3 Rxa2 28. Qxc2 Rxc2 29. h4 Rec8 30. g4 h5 31. gxh5 gxh5 32. Kg2 Bh6 33. Rb3 Ra2 34. Rb7 Rcc2 35. Rf1 Be3 36. Rxe7 Bxf2 37. Re8+ Kg7 38. Kh3 Rc3 39. Kg2 Bxh4+ 40. Kg1 Bg3 41. Ng5 Kg6 42. Rg8+ Kh6 43. Rf6# 1-0

[Event "RUS-ch Blitz Men 2018"]
[Site "Sochi"]
[Date "2018.10.07"]
[Round "7"]
[White "Vastrukhin, Oleg"]
[Black "Truskavetsky, Alexandr"]
[Result "1-0"]
[WhiteElo "2413"]
[BlackElo "2393"]
[Annotator "TA"]
[PlyCount "43"]
[EventDate "2018.10.07"]
[EventType "swiss"]
[EventCountry "RUS"]
[SourceTitle "playchess.com"]
[Source "ChessBase"]
[SourceQuality "1"]

1. g3 Nf6 2. Bg2 d5 3. Nf3 c6 4. O-O Bf5 5. c4 e6 6. Qb3 Qb6 7. d3 Nbd7 8. Be3 Bc5 9. Bxc5 Nxc5 10. Qa3 O-O 11. Nbd2 a5 12. Rac1 Qb4 13. cxd5 Nfd7 14. dxc6 bxc6 15. Nc4 Qxa3 16. bxa3 Bg4 17. h3 Bxf3 18. Bxf3 Rfc8 19. Rc2 Kf8 20. Rfc1 Ke7 21. Nd2 Na4 22. Bxc6 1-0

[Event "RUS-ch Blitz Men 2018"]
[Site "Sochi"]
[Date "2018.10.07"]
[Round "7"]
[White "Ofitserian, Boris"]
[Black "Savchenko, Boris"]
[Result "0-1"]
[WhiteElo "2411"]
[BlackElo "2562"]
[Annotator "ChessBase"]
[PlyCount "62"]
[EventDate "2018.10.07"]
[EventType "swiss"]
[EventCountry "RUS"]
[SourceTitle "playchess.com"]
[Source "ChessBase"]
[SourceQuality "1"]

1. c4 Nf6 2. g3 g6 3. Bg2 Bg7 4. Nc3 O-O 5. e3 c6 6. Nge2 d5 7. cxd5 cxd5 8. d4 a6 9. a4 Nc6 10. Nf4 e6 11. O-O Ne8 12. Qb3 Rb8 13. Bd2 Nd6 14. Rfc1 Re8 15. Na2 Bd7 16. Nb4 Na5 17. Qd3 Ndc4 18. Ra2 Nxd2 19. Qxd2 Nb3 20. Qd1 Nxc1 21. Qxc1 Rc8 22. Qd1 Bf8 23. Nbd3 Bd6 24. h4 Qc7 25. b3 a5 26. Bf1 b5 27. h5 g5 28. h6 gxf4 29. Qg4+ Kf8 30. Qg7+ Ke7 31. Qg5+ f6 0-1

[Event "RUS-ch Blitz Men 2018"]
[Site "Sochi"]
[Date "2018.10.07"]
[Round "7"]
[White "Sadovsky, Artem"]
[Black "Remizov, Yaroslav"]
[Result "1-0"]
[WhiteElo "2408"]
[BlackElo "2315"]
[Annotator "NA"]
[PlyCount "106"]
[EventDate "2018.10.07"]
[EventType "swiss"]
[EventCountry "RUS"]
[SourceTitle "playchess.com"]
[Source "ChessBase"]
[SourceQuality "1"]

1. c4 Nf6 2. g3 e6 3. Bg2 d5 4. Nf3 dxc4 5. Qa4+ c6 6. Qxc4 b5 7. Qc2 Bb7 8. a4 a6 9. O-O Nbd7 10. d3 Be7 11. Nbd2 c5 12. b3 O-O 13. Bb2 Nd5 14. d4 cxd4 15. Nxd4 Rc8 16. Qb1 b4 17. Nc4 N7b6 18. Na5 Ba8 19. Qd3 Nc3 20. Nac6 Bxc6 21. Nxc6 Rxc6 22. Bxc6 Qxd3 23. exd3 Bf6 24. Bxc3 bxc3 25. b4 Rd8 26. a5 Nd5 27. b5 axb5 28. a6 b4 29. Bxd5 exd5 30. a7 Ra8 31. Rfb1 Be7 32. d4 c2 33. Rb2 Rxa7 34. Rc1 Rc7 35. Rcxc2 Rxc2 36. Rxc2 f6 37. Rc7 Kf7 38. Rb7 Ke6 39. Kf1 g5 40. Ke2 g4 41. Ke3 h5 42. Kd3 Kf7 43. Rb6 Bf8 44. Kc2 Be7 45. Kb3 Kg6 46. Rb5 Kf5 47. Rxd5+ Ke4 48. Rxh5 Kxd4 49. Rf5 Bd6 50. Rxf6 Be5 51. Rf7 Ke4 52. Kxb4 Bd4 53. Rf4+ Kd5 1-0